| 000 | 00351nam a2200145Ia 4500 | ||
|---|---|---|---|
| 008 | 150201s2009 xx 000 0 und d | ||
| 082 |
_a617.643 _bO2009K |
||
| 100 | _aKARBANDA,OP | ||
| 245 | _aORTHODONTICS, DIAGNOSIS& MANAGEMENT | ||
| 250 | _a1ST | ||
| 260 |
_bELSEVIER _aDELHI _c2009 |
||
| 300 | _a1-562 | ||
| 650 | _aORTHODONTICS | ||
| 942 |
_2ddc _cBK |
||
| 999 |
_c4365 _d4365 |
||